| 000 | 00644nam a22001697a 4500 | ||
|---|---|---|---|
| 999 |
_c15261 _d15261 |
||
| 008 | 200312b ||||| |||| 00| 0 eng d | ||
| 082 |
_22020 _aUT 1470 _bSa58 |
||
| 100 |
_aSanoh, Charlon D. _942079 |
||
| 245 |
_aThe Use of Management Accounting Practices on Restaurants in Digos City/ _cCharlon D. Sanoh, Alexia Joy P. Diaz & Jimmy Rodolfo P. Lazan |
||
| 260 |
_aDigos City _bUMDC _cJanuary 2020 |
||
| 300 |
_a61 _c30 cm |
||
| 650 |
_aAccounting Education _vAccountancy _xUndergraduate Thesis _940679 |
||
| 700 |
_aSanoh, Charlon D. _942079 |
||
| 700 |
_aDiaz, Alexia Joy P. _942080 |
||
| 700 |
_aLazan, Jimmy Rodolfo P. _942081 |
||
| 942 |
_2ddc _cUT |
||